Ireland National Rugby Team - Statistics

General Stats
  • This quiz has been taken 226 times
    41 since last reset
  • The average score is 9 of 23
Answer Stats
Caps Tries Points Player % Correct
118 18 1108 Jonathan Sexton
100%
133 46 245 Brian O'Driscoll
94%
128 16 1083 Ronan O'Gara
85%
108 8 40 Paul O'Connell
74%
133 12 60 Cian Healy
65%
120 18 115 Conor Murray
62%
124 12 60 Rory Best
56%
69 30 150 Tommy Bowe
53%
101 36 180 Keith Earls
50%
109 5 25 Peter O'Mahony
38%
40 19 95 Jacob Stockdale
35%
68 18 90 Bundee Aki
29%
30 3 184 Jack Crowley
29%
72 6 560 David Humphreys
24%
105 2 10 John Hayes
24%
62 29 145 Denis Hickie
18%
65 21 105 Shane Horgan
18%
72 18 98 Geordan Murphy
12%
35 0 296 Eric Elwood
9%
82 19 95 Girvan Dempsey
9%
25 2 195 Paddy Jackson
9%
22 1 217 Ollie Campbell
6%
43 6 308 Michael Kiernan
0%
No matching quizzes found
Score Distribution
Percent of People with Each Score
Percentile by Number Answered
Your Score History
You have not taken this quiz since the last reset